Cómo se escribe una novela

Na minha lista:
Detalhes bibliográficos
Autor principal: Ochoa Mena, Herminio (autor)
Formato: Livro
Idioma:espanhol
Publicado em: Santiago Orbe 1958
Assuntos:
Tags: Adicionar Tag
Sem tags, seja o primeiro a adicionar uma tag!

MARC

LEADER 00000cam a2200000 a 4500
001 UCF8450
003 CL-VaPUC
008 130829e19580000cl |||||||||||||||||spa|d
082 0 4 |a Ch864  |b OCH  |2 21 
100 |a Ochoa Mena, Herminio  |e autor  |9 570519 
245 1 0 |a Cómo se escribe una novela 
300 |a 296 p 
942 |c BK 
945 |d 20130829 16:45:00  |a dcastane 
260 |a Santiago  |b Orbe  |c 1958 
650 0 |a Ensayos chilenos   |9 269132 
650 0 |a Literatura chilena   |9 308278 
583 |a last modification  |c 20130829 16:45:00  |k Rodrigo Vera 
999 |c 353022  |d 353020 
952 |0 0  |1 0  |3 erb  |4 0  |6 CH_864_000000000000000_OCH_1958  |7 0  |8 A  |9 457862  |a BIBEDU  |b BIBEDU  |d 2019-11-23  |i 4997794  |o Ch864 OCH 1958  |p 4997794  |r 2019-11-23  |w 2019-11-23  |y BK  |z Catalogado en:20130829  |k LIT